00329nam a2200109Ia 4500008004100000082002000041100001600061245002700077260002400104630001800128650007300146211122s9999||||xx |||||||||||||| ||und|| a894.8123bMUK-K aMukundan, M 0aKuta Nannakkunna Choyi bD c BooksaKottayam xGeneral Stack aMalayalam LiteraturevMalayalam FictionMalayalam NovelsShort Stories